| 000 | 00821nas a2200229 i 4500 | ||
|---|---|---|---|
| 001 | 2457 | ||
| 003 | ES-MaACL | ||
| 005 | 20250809062536.0 | ||
| 008 | 950801d1879 sp r p 0 1 |spa d | ||
| 022 | _a2488-7226 | ||
| 080 | _a340.142(460)(094.9) | ||
| 245 | 0 | 0 |
_aJurisprudencia civil española _b: destinada principalmente a los suscriptores de la Revista de los tribunales y compilada por la redacción de este periódico. |
| 260 |
_aMadrid : _bGóngora, F. Góngora y Compañía, _c1879- |
||
| 300 |
_a46 v. ; _c24 cm. |
||
| 362 | 0 | _aComenzó en 1879. | |
| 650 | 1 | 7 |
_aDerecho _2embne _911602 |
| 650 | 4 |
_aJurisprudencia- _zEspaña. _9152002 |
|
| 785 | 0 | 0 |
_aRepertorio de jurisprudencia española, _den. 1894 |
| 852 |
_aES-MaACL _jHem-933 |
||
| 866 | 0 | _o1885-1893,1894,1896-1919,1921-35. | |
| 999 |
_c2457 _d2457 |
||